000 00652nam a22002297a 4500
999 _c385447
_d385447
001 99336
003 UA-OsUOA
005 20200111175705.0
007 ta
008 20130426b un ||||| |||| 00| 0 ukr d
040 _aUA-OsUOA
_brus
_cUA-OsUOA
_dUA-OsUOA
041 _arus
080 _a821.161.1
090 _a821.161.1
_bС37
100 _aСимонов К.
245 _aЖивые и мертвые
_bроман в 3-х книгах
_nкн. 1
260 _aМ.
_bСоветский писатель
_c1985
300 _a382 с.
650 7 _a82 Література. Літературознавство
_2UDC
942 _cBK
_2udc
955 _a3